LEADER 01376nam a2200373 i 4500 001 991000804439707536 005 20020506124146.0 008 930424s1990 uk ||| | eng 020 $a0582037204$c204500 035 $ab10131887-39ule_inst 035 $aLE00637126$9ExL 040 $aDip.to Fisica$bita 084 $a53.1.34 084 $a510.35 084 $a510.44 084 $a530.1'24 084 $aQA927.a82 100 1 $aAsano, M.$0461024 245 10$aAlgebraic and spectral methods for nonlinear wave equations /$cN. Asano and Y. Kato 260 $aHarlow :$bLongman Scientific and Technical,$c1990 300 $axvii, 417 p. :$bill. ;$c24 cm. 490 0 $aPitman monographs and surveys in pure and applied mathematics ;$v49 500 $aIncludes bibliographical references. 650 4$aDifferential equations, partial-Numerical solutions 650 4$aInverse scattering transform 650 4$aNonlinear waves 650 4$aWave equations-Numerical solutions 700 1 $aKato, Yoshio 907 $a.b10131887$b17-02-17$c27-06-02 912 $a991000804439707536 945 $aLE006 510.35 ASA$g1$i2006000083904$lle006$o-$pE0.00$q-$rl$s- $t0$u0$v0$w0$x0$y.i10154711$z27-06-02 996 $aAlgebraic and spectral methods for nonlinear wave equations$9186072 997 $aUNISALENTO 998 $ale006$b01-01-93$cm$da $e-$feng$guk $h0$i1 LEADER 03230nam 22006375 450 001 9910866572103321 005 20251113191539.0 010 $a9783031621352$b(electronic bk.) 010 $z9783031621345 024 7 $a10.1007/978-3-031-62135-2 035 $a(MiAaPQ)EBC31497575 035 $a(Au-PeEL)EBL31497575 035 $a(CKB)32320330400041 035 $a(DE-He213)978-3-031-62135-2 035 $a(OCoLC)1442940587 035 $a(EXLCZ)9932320330400041 100 $a20240620d2024 u| 0 101 0 $aeng 135 $aurcnu|||||||| 181 $ctxt$2rdacontent 182 $cc$2rdamedia 183 $acr$2rdacarrier 200 10$aAdvances in Digital Marketing and eCommerce $eFifth International Conference, 2024 /$fedited by Francisco J. Martínez-López, Luis F. Martinez, Philipp Brüggemann 205 $a1st ed. 2024. 210 1$aCham :$cSpringer Nature Switzerland :$cImprint: Springer,$d2024. 215 $a1 online resource (327 pages) 225 1 $aSpringer Proceedings in Business and Economics,$x2198-7254 311 08$aPrint version: Martínez-López, Francisco J. Advances in Digital Marketing and ECommerce Cham : Springer International Publishing AG,c2024 9783031621345 327 $aNegative WOM for Liking Brands vs Positive WOM for Disliking Brands: Differences in Length and Content of WOM -- The impact of 3D digital content on consumer satisfaction with brand experiences -- Love Me, Love Me Not: The Counterintuitive Relationships in Social Networking Sites. 330 $aThe Digital Marketing and eCommerce Conference brings together leading researchers and scholars to exchange and share their experiences and findings on all aspects of ecommerce and digital marketing. This volume presents the proceedings of the 2024 edition. Showcasing a range of original theoretical and methodological approaches, they address such diverse areas of application as social media; digital nudging; digital luxury; trends; crowdfunding; virtual reality (VR), augmented reality (AR) and the metaverse; generative artificial intelligence (AI); green ecommerce; environmental, social, and corporate governance (ESG); electronic word-of-mouth (eWOM); gamification; text mining; customer journey; and private label brands. . 410 0$aSpringer Proceedings in Business and Economics,$x2198-7254 606 $aTelemarketing 606 $aInternet marketing 606 $aBusiness information services 606 $aElectronic commerce 606 $aDigital Marketing 606 $aIT in Business 606 $ae-Commerce and e-Business 615 0$aTelemarketing. 615 0$aInternet marketing. 615 0$aBusiness information services. 615 0$aElectronic commerce. 615 14$aDigital Marketing. 615 24$aIT in Business. 615 24$ae-Commerce and e-Business. 676 $a658.872 676 $a659.144 700 $aMartínez-López$b Francisco J$0846757 701 $aMarti?nez$b Luis F$01772132 701 $aBrüggemann$b Philipp$01772133 801 0$bMiAaPQ 801 1$bMiAaPQ 801 2$bMiAaPQ 912 $a9910866572103321 996 $aAdvances in Digital Marketing and eCommerce$94271869 997 $aUNINA